ბათუმის შოთა რუსთაველის სახელმწიფო უნივერსიტეტის ბიბლიოთეკა

Presidential elections in the South Caucasus: (ბიბ.ჩანაწერი № 63217)

000 -LEADER
fixed length control field 01128nam a22002057a 4500
005 - DATE AND TIME OF LATEST TRANSACTION
control field 20250630170917.0
008 - FIXED-LENGTH DATA ELEMENTS--GENERAL INFORMATION
fixed length control field 250630s2024 ge ||||| |||| 00| 0 eng d
020 ## - INTERNATIONAL STANDARD BOOK NUMBER
International Standard Book Number 9789941866418
041 ## - LANGUAGE CODE
Language code of text/sound track or separate title eng
080 ## - UNIVERSAL DECIMAL CLASSIFICATION NUMBER
Universal Decimal Classification number 324:342.511(479.2) P-49
245 ## - TITLE STATEMENT
Title Presidential elections in the South Caucasus:
Remainder of title political transformations, imagined unity, and memory discourses : [Monograph] /
Statement of responsibility, etc. edited by Ruslan Baramidze, Sergey Rumiantsev.
264 ## - PRODUCTION, PUBLICATION, DISTRIBUTION, MANUFACTURE, AND COPYRIGHT NOTICE
Place of production, publication, distribution, manufacture Tbilisi :
Name of producer, publisher, distributor, manufacturer Favorite,
Date of production, publication, distribution, manufacture, or copyright notice 2024.
300 ## - PHYSICAL DESCRIPTION
Extent 234 p. :
Other physical details ill. ;
Dimensions 20 cm.
500 ## - GENERAL NOTE
General note ბიბლიოგრაფია სტატიების ბოლოს.
521 ## - TARGET AUDIENCE NOTE
Target audience note რეზიუმე ქართულ ენაზე.
526 ## - STUDY PROGRAM INFORMATION NOTE
Program name მონოგრაფია გამოიცა შოთა რუსთაველის საქართველოს ეროვნული სამეცნიერო ფონდის ფინანსური მხარდაჭერით
700 ## - ADDED ENTRY--PERSONAL NAME
Personal name Baramidze, Ruslan
Relator term რედაქტორი
9 (RLIN) 25578
700 ## - ADDED ENTRY--PERSONAL NAME
Personal name Rumiantsev, Sergey
Relator term რედაქტორი
9 (RLIN) 25579
942 ## - ADDED ENTRY ELEMENTS (KOHA)
Source of classification or shelving scheme
Koha item type წიგნი
ეგზემპლარები
Withdrawn status Lost status Source of classification or shelving scheme Damaged status Not for loan Permanent Location Current Location Shelving location Date acquired Cost, normal purchase price Full call number Barcode Date last seen Copy number Uniform Resource Identifier Price effective from Koha item type Public note
          ბათუმის შოთა რუსთაველის სახელმწიფო უნივერსიტეტის მთავარი ბიბლიოთეკა ბათუმის შოთა რუსთაველის სახელმწიფო უნივერსიტეტის მთავარი ბიბლიოთეკა წიგნსაცავი 2025-06-30 7.00 324:342.511(479.2) P-49 71999 2025-06-30 71999 ნაჩუქარი 2025-06-30 წიგნი 7 ლ.
          ბათუმის შოთა რუსთაველის სახელმწიფო უნივერსიტეტის მთავარი ბიბლიოთეკა ბათუმის შოთა რუსთაველის სახელმწიფო უნივერსიტეტის მთავარი ბიბლიოთეკა წიგნსაცავი 2025-06-30 7.00 324:342.511(479.2) P-49 72000 2025-06-30 72000 ნაჩუქარი 2025-06-30 წიგნი 7 ლ.
          ბათუმის შოთა რუსთაველის სახელმწიფო უნივერსიტეტის მთავარი ბიბლიოთეკა ბათუმის შოთა რუსთაველის სახელმწიფო უნივერსიტეტის მთავარი ბიბლიოთეკა წიგნსაცავი 2025-06-30 7.00 324:342.511(479.2) P-49 72001 2025-06-30 72001 ნაჩუქარი 2025-06-30 წიგნი 7 ლ.
          ბათუმის შოთა რუსთაველის სახელმწიფო უნივერსიტეტის მთავარი ბიბლიოთეკა ბათუმის შოთა რუსთაველის სახელმწიფო უნივერსიტეტის მთავარი ბიბლიოთეკა წიგნსაცავი 2025-06-30 7.00 324:342.511(479.2) P-49 72002 2025-06-30 72002 ნაჩუქარი 2025-06-30 წიგნი 7 ლ.
          ბათუმის შოთა რუსთაველის სახელმწიფო უნივერსიტეტის მთავარი ბიბლიოთეკა ბათუმის შოთა რუსთაველის სახელმწიფო უნივერსიტეტის მთავარი ბიბლიოთეკა წიგნსაცავი 2025-06-30 7.00 324:342.511(479.2) P-49 72003 2025-06-30 72003 ნაჩუქარი 2025-06-30 წიგნი 7 ლ.